Normal view MARC view
  • Dhas, V. K. &. Others

Entry Personal Name

Number of records used in: 2

001 - CONTROL NUMBER

  • control field: 57968

003 - CONTROL NUMBER IDENTIFIER

  • control field: OSt

005 - DATE AND TIME OF LATEST TRANSACTION

  • control field: 20220806105555.0

008 - FIXED-LENGTH DATA ELEMENTS

  • fixed length control field: 220806|| aca||aabn | a|a d

040 ## - CATALOGING SOURCE

  • Original cataloging agency: OSt
  • Transcribing agency: OSt

100 ## - HEADING--PERSONAL NAME

  • Personal name: Dhas, V. K. &. Others

670 ## - SOURCE DATA FOUND

  • Source citation: Work cat.: (OSt)33269: Dhas, V. K. &. Others, Mathematical Methods In Physics Sem.i, Paper I, 2012